000 00393nam a2200157Ia 4500
008 230125s9999 xx 000 0 und d
041 _aeng
082 _a657.42
_bMOT
100 _aMotwani R K
_9112112
245 _aPractical costing
260 _c1999
_bPointer publisher
300 _a448p
500 _aCosting ,Practical costing
700 _aMotwani R K
_9112112
999 _c89059
_d89059